| 000 | 00336nam a2200121Ia 4500 | ||
|---|---|---|---|
| 008 | 171211s9999 xx 000 0 und d | ||
| 020 | _a9780702063060 | ||
| 100 | _aStandring, Susan | ||
| 245 | _aGray's Anaomy The Anatomical Basis of Clinical Practice | ||
| 250 | _a41 Edition | ||
| 260 |
_bElsevier, Ltd. _c2016 |
||
| 300 | _a1562 pages | ||
| 999 |
_c350897 _d350897 |
||